Statistics for FIFA Women's World Cup Host Countries

Click here to take the quiz!

General Stats

  • This quiz has been taken 585 times
    (460 since last reset)
  • The average score is 7 of 8

Answer Stats

YearHost Nation% Correct
1999, 2003United States
98%
2019France
93%
2011Germany
92%
2023Australia
87%
2015Canada
84%
2023New Zealand
82%
1991, 2007China
80%
1995Sweden
73%

Score Distribution

Percentile by Number Answered

Percent of People with Each Score

Your Score History

You have not taken this quiz since the last reset